[Event "EU-ch 2nd"]
[Site "Ohrid"]
[Date "2001.06.06"]
[Round "6"]
[White "Delchev, Aleksander"]
[Black "Lputian, Smbat G"]
[Result "0-1"]
[WhiteElo "2584"]
[BlackElo "2607"]
[Annotator "Ribli,Z"]
[PlyCount "103"]
[EventDate "2001.06.01"]
[EventType "swiss"]
[EventRounds "13"]
[EventCountry "YUG"]
[SourceTitle "CBM 084"]
[Source "ChessBase"]
[SourceDate "2001.09.13"]
[SourceVersion "1"]
[SourceVersionDate "2001.09.13"]
[SourceQuality "1"]

1. c4 e6 2. g3 d5 3. Bg2 Nf6 (3... dxc4) 4. Nf3 Be7 (4... dxc4) 5. O-O O-O 6.
d4 dxc4 7. Qc2 a6 8. a4 Bd7 9. Qxc4 Bc6 10. Bg5 a5 {Interessanterweise spielt
GM Lputian diese Variante mit beiden Farben.} 11. Nc3 Na6 12. Bxf6 Bxf6 13. e4
Nb4 14. Rfd1 b6 {Damit stärkt Schwarz seine Bauernstellung am Damenflügel und
verschafft dem Bc6 das Rückzugsfeld b7.} 15. Ne1 {Weiß beabsichtigt, den
gegnerischen Nb4 abzutauschen. Gleichzeitig öffnet er die Diagonale des Bg2,
so dass Schwarz nun mit e4-e5 rechnen muss.} (15. h4 Bb7 16. Rd2 c6 17. Qe2 Ra7
18. Rad1 Ba6 19. Qe3 Bc4 {1/2-1/2 Lputian,S-Arlandi,E/Reggio Emilia 1998/CBM
63/[Hecht] (61)}) (15. Rac1) (15. d5) 15... Qd7 $5 (15... g6 $6 16. e5 Bxg2 17.
Nxg2 Bg7 (17... Be7 $5) 18. Ne3 $14 {1/2-1/2 Beliavsky,A-Shneider,A/Tivat 1995/
CBM 48 ext/[Belov] (36)}) (15... Rc8) 16. Nb5 (16. e5 Bxg2 17. Nxg2 (17. exf6
Bd5 $17) 17... Be7 $11) 16... Rfc8 {Schwarz verteidigt im voraus den Pc7 und
befreit damit den Bc6.} (16... Rac8 $5 17. Nd3 (17. Na7 Bxa4 $17) 17... Nxd3
18. Rxd3 $11) 17. Nc2 (17. Rac1) 17... Nxc2 18. Qxc2 Be7 $11 {[%cal Ge7b4]
Jetzt hängt schon etwas auf b5; zudem bekommt der schwarze Läufer ein starkes
Feld auf b4.} (18... Bxb5 $6 19. axb5 {[%cal Gg2a8]} Bxd4 $2 (19... Qxb5 $2 20.
e5 $16) (19... Rab8 20. e5 $16) 20. e5 $18) 19. Bh3 $5 {[%csl Rc8,Rd7][%cal
Gh3c8] Der katalanische Läufer steht etwas ungewöhnlich auf h3, aber da sich
die schwere Artillerie von Schwarz auf der Diagonale h3-c8 befindet, droht
d4-d5.} (19. Nc3 $11) 19... Bxb5 20. axb5 c6 (20... Qxb5 21. d5 Qc5 22. Qxc5
Bxc5 23. dxe6 Rd8 24. Rd7 $14) 21. Qe2 (21. bxc6 Qxc6 $11 (21... Rxc6 22. Qb3
Rd6 23. d5 $36)) 21... Rf8 $1 {[%mdl 32] Schwarz entfernt seinen Turm aus der
bedrohten Diagonale. Im weiteren Verlauf wird der Rf8 eine wichtige Rolle
einnehmen.} (21... cxb5 22. d5 $36) 22. d5 (22. bxc6 $5 Qxc6 23. d5 exd5 24.
exd5 (24. Rxd5 Rad8 $11) 24... Qd6 25. Rac1 $14) 22... cxd5 23. exd5 Bc5 {
[%csl Gc5][%cal Gc5g1] Schwarz muss einen Bauern geben, aber sein Bc5 steht
stark.} 24. dxe6 Qe8 25. b4 $6 {Mit diesem Bauernopfer vertreibt Weiß den
Läufer von c5.} (25. exf7+ Rxf7 26. Qxe8+ (26. Be6 $2 Kh8 $17 {[%cal Ge8e2]})
26... Rxe8 27. Rd2 $14) 25... Bxb4 (25... axb4 $2 26. Rxa8 Qxa8 27. exf7+ Kh8
28. Be6 $16 {[%csl Ge6,Gf7]}) 26. Bg2 (26. Rd7 fxe6 27. Bxe6+ Kh8 $11) 26...
Rd8 27. Rxd8 Qxd8 28. exf7+ Rxf7 $11 29. Rd1 (29. Qa2 Kf8 30. Qc2 Bc5 31. Qxh7
Rxf2 32. Kh1 $11) 29... Qe7 30. Qxe7 Rxe7 {[%mdl 4096]} 31. Rd8+ $2 {Dieser
scheinbar aktive Zug ist ein Fehler - der schwarze König gelangt nun schneller
ins Zentrum.} (31. Kf1 $11) 31... Kf7 $15 32. Bd5+ Kf6 33. f4 Re1+ (33... Re2
$17) 34. Kg2 Ke7 35. Rb8 Kd6 36. Bg8 Kc5 {[%csl Rb5,Gc5] Der schwarze König
ist aktiv, und der weiße Pb5 ist nicht zu halten. Nun wird der schwarze
Freibauer auf a5 sehr gefährlich für Weiß.} 37. Rb7 Kxb5 38. Rxg7 a4 $17 {
[%csl Ga4]} 39. Rxh7 a3 {Weiß hat einen Bauern mehr, aber der schwarze a-Bauer
ist sehr stark. Daher wird Weiß mindestens eine Figur geben müssen.} 40. Kf3
Re8 41. Ba2 (41. Bf7) 41... Rc8 {[%cal Rc8c2,Rc2a2]} 42. Rh5+ Ka4 43. Be6 Rc3+
44. Kg4 Rc2 45. Bd7+ (45. Rh8 a2 46. Bxa2 Rxa2 $17) 45... Kb3 46. Be6+ Rc4 $1
47. Rd5 (47. Bxc4+ Kxc4 48. Rh8 a2 49. Rc8+ (49. Ra8 Ba5 $19) 49... Kb3 50. Rc1
Kb2 51. Rf1 a1=Q 52. Rxa1 Kxa1 $19) 47... a2 48. Rd1 b5 $19 49. Bd7 (49. Bxc4+
bxc4 $19 {[%csl Ga2,Gc4]}) 49... Kb2 50. Bxb5 Rc1 51. Rd4 Kb3 $5 (51... a1=Q
52. Rxb4+ Kc3 53. Rc4+ Kd2 $19) 52. h3 0-1

[Event "EU-Cup 21st"]
[Site "Saint Vincent"]
[Date "2005.09.24"]
[Round "7.1"]
[White "Johannessen, Leif Erlend"]
[Black "Zagorskis, Darius"]
[Result "1/2-1/2"]
[WhiteElo "2543"]
[BlackElo "2478"]
[Annotator "Ribli,Z"]
[PlyCount "85"]
[EventDate "2005.09.18"]
[EventType "team-swiss"]
[EventRounds "7"]
[EventCountry "ITA"]
[SourceTitle "CBM 110"]
[Source "ChessBase"]
[SourceDate "2006.01.31"]
[SourceVersion "1"]
[SourceVersionDate "2006.01.31"]
[SourceQuality "1"]
[WhiteTeam "Oslo"]
[BlackTeam "Vilnius NSEL"]
[WhiteTeamCountry "NOR"]
[BlackTeamCountry "LTU"]

1. d4 Nf6 2. c4 e6 3. Nf3 d5 4. g3 Be7 5. Bg2 O-O 6. O-O dxc4 7. Qc2 a6 8. Qxc4
b5 9. Qc2 Bb7 10. Bd2 {Die beliebte Fortsetzung des norwegischen Großmeisters;
die Alternativen sind 10.Bg5 und 10.Bf4.} Be4 11. Qc1 Qc8 12. Bg5 c5 13. Nbd2
Bb7 14. dxc5 Qxc5 15. Qxc5 Bxc5 16. Bxf6 gxf6 17. Rac1 Bb6 (17... Nd7 18. Rfd1
Rfd8 19. Nb3 Bb6 {Mit Zugumstellung wird in die Variante 16.Rac1 übergeleitet.}
) 18. Ne1 {[%cal Ge1d3,Gg2b7][%mdl 32] Weiß folgt der bekannten Strategie: er
tauscht die weißen Läufer und der Springer zielt auf das Schlüsselfeld d3.}
Bxg2 19. Kxg2 Nd7 20. Nd3 Rfc8 $11 {[%cal Gg8f8,Gf8e7] Schwarz hat eine
ausgegleichene Stellung erreicht: auch wenn seine Bauernstruktur schwach ist,
so kontrolliert er die wichtigsten Felder und sein König gelangt mittels f8-e7
ins Zentrum.} (20... f5 21. Rc6 Rfc8 22. Rfc1 Rxc6 23. Rxc6 $14) 21. Ne4 Kf8 (
21... f5 22. Nd6 Rc7 $11) 22. g4 {Mit diesem Zug möchte Weiß seine
Springerstellung auf e4 befestigen.} (22. Nd6 Rc7 $11) 22... Ke7 23. Rfd1 (23.
Nb4 Ne5 $15 (23... Nc5)) 23... h5 $5 {Auf diese Weise möchte sich Schwarz von
seinem h-Bauern befreien.} (23... a5 $11) 24. gxh5 (24. h3) 24... f5 {Endlich
verjagt Schwarz den e4-Springer und der weiße Mehrbauer auf h5 hat keine
Bedeutung.} 25. Ng3 a5 26. e4 (26. e3) 26... fxe4 27. Nxe4 Bd4 {[%csl Gd4] Der
Läufer steht aktiv auf d4.} 28. b3 (28. b4) 28... Nf6 29. Nxf6 (29. Ng3 Nd5)
29... Kxf6 30. Kf3 Kf5 (30... Kg5) 31. Nf4 Be5 32. Ne2 Kg5 33. Ng3 (33. Rd7
Rxc1 34. Nxc1 f5 $11) 33... Bxg3 34. hxg3 Kxh5 35. Rxc8 Rxc8 36. Rd7 {[%mdl
4096] Weiß besitzt ein aktives Turmendspiel, aber Schwarz kann das Remis
einfach halten.} Kg6 37. Ra7 Rc3+ (37... a4 38. bxa4 Rc3+ 39. Ke2 (39. Ke4 Ra3
$11) 39... Ra3 $11) 38. Kg2 a4 39. bxa4 Ra3 40. a5 Rxa2 41. a6 b4 42. Rb7 Rxa6
43. Rxb4 1/2-1/2

[Event "Poikovsky Karpov 02nd"]
[Site "Poikovsky"]
[Date "2001.05.02"]
[Round "2"]
[White "Lputian, Smbat G"]
[Black "Obodchuk, Andrei"]
[Result "0-1"]
[WhiteElo "2607"]
[BlackElo "2419"]
[Annotator "Ribli,Z"]
[PlyCount "78"]
[EventDate "2001.05.05"]
[EventType "tourn"]
[EventRounds "9"]
[EventCountry "RUS"]
[EventCategory "15"]
[SourceTitle "CBM 084"]
[Source "ChessBase"]
[SourceDate "2001.09.13"]
[SourceVersion "1"]
[SourceVersionDate "2001.09.13"]
[SourceQuality "1"]

1. d4 Nf6 2. Nf3 e6 3. g3 d5 4. Bg2 Be7 5. O-O O-O 6. c4 dxc4 7. Qc2 a6 8. a4
Bd7 9. Qxc4 Bc6 10. Bg5 a5 {Meiner Meinung nach ist dieser Zug eine gute und
logische Möglichkeit für Schwarz - Schwarz kann anschließend Na6 und Nb4
spielen und die Schwächung des Feldes b4 ausnutzen.} (10... Bd5) 11. Nc3 Na6 {
[%cal Ga6b4]} 12. Bxf6 {Weiß tauscht freiwillig den Läufer ab, um e2-e4
durchsetzen zu können.} (12. Rac1) (12. Rfd1) 12... Bxf6 13. e4 Nb4 {Weiß hat
in der Tat ein sehr starkes Bauernzentrum aufgebaut, und das schwarze
Läuferpaar ist kaum aktiv. Aber wenn Weiß mehr erreichen will, muss er die
Stellung öffnen und damit wird auch das Läuferpaar stärker werden.} 14. Rfd1 (
14. Rad1 b6 15. d5 exd5 16. exd5 Bb7 17. Nd4 Bxd4 18. Rxd4 Qd7 (18... Ba6 19.
Nb5 Qd7 20. Rc1 Rac8 21. Bf3 Kh8 22. Re1 Rcd8 23. Rc1 Qf5 24. Kg2 Qf6 25. Rcd1
Bxb5 26. axb5 Qd6 {1/2-1/2 Taylor,G-Rozentalis,E/Toronto 1995/EXT 97 (50)}) 19.
Rfd1 Rae8 $11 {0-1 Anastasian,A-Timoscenko,G/Istanbul 2000/EXT 2001/[Ribli] 
(72)}) 14... b6 $5 (14... g6 15. h4 (15. Rac1)) 15. d5 {Dieser Zug kommt zwar
mit Tempo, aber er gefällt mir nicht. Weiß täte besser daran, zunächst einmal
seine Stellung mit kleinen Zügen - z.B. 15.Rd2 - weiter zu verbessern und erst
danach mit konkreten Aktionen zu beginnen.} (15. Rd2 Bb7 16. Qe2 $1 (16. Rad1
Ba6 17. Qb3 c6 $11 (17... Qc8)) 16... Ba6 (16... g6 17. h4 Qe7 18. Qe3 Rac8 19.
Rad1 h5 20. Ne1 Bg7 21. f4 $14)) (15. Ne1) (15. Rac1) 15... exd5 16. exd5 Bb7 {
[%csl Gb4,Gb7,Gf6] Weiß hat Raumvorteil, aber das schwarze Läuferpaar ist
aktiver als zuvor. Zudem steht der Nb4 sehr solide.} 17. Rd2 Ba6 (17... Qd7 18.
Rad1 Rad8 19. h4 Rfe8 $15 20. Kh1 h6 21. Nd4 Nxd5 22. Ndb5 c6 23. Nxd5 cxd5 24.
Qc7 Qxc7 25. Nxc7 Re7 {1/2-1/2 Panno,O-Adams,M/Buenos Aires 1991/CBM 24 (25)})
18. Qb3 Re8 {[%cal Ge8e1]} 19. h4 (19. d6 $6 cxd6 20. Rad1 Qc7 21. Rxd6 $2 Bc4
$19 {[%csl Rb3]}) 19... Qd7 $15 {Mit einfachen Entwicklungszügen hat Schwarz
eine sehr bequeme Stellung erreicht.} 20. Rad1 (20. Nd4 Rad8 $15) 20... Rad8
21. Nd4 Be5 (21... Be7 {[%cal Ge7c5]} 22. Nc6 Nxc6 23. dxc6 Qxd2 24. Rxd2 Rxd2
$15) 22. Ndb5 (22. Nc6 $2 Nxc6 23. dxc6 Qxd2 24. Rxd2 Rxd2 $17 {[%csl Gd2]
[%cal Ge5d4,Gd4g1]}) (22. Ne6 Rb8 $15 (22... fxe6 23. dxe6 {[%cal Gb3g8]} Qxd2
(23... Qe7 24. Rxd8 Rxd8 25. Rxd8+ Qxd8 26. e7+ $18 {[%cal Re7d8,Rb3g8]}) 24.
e7+ {[%cal Rb3g8,Re7d8]} Kh8 25. Rxd2 Rxd2 26. Qf7 $18)) 22... h6 (22... Re7
23. Re2 $15 (23. d6 $6 Bxd6 24. Nxd6 cxd6 25. Rxd6 Qxd6 26. Rxd6 Rxd6 $17)) 23.
Re2 Bd6 {[%cal Gd6c5]} 24. Qc4 (24. Rxe8+ Rxe8 25. Nxd6 Qxd6 (25... cxd6) 26.
Ne4 Qd7 27. d6 c5 $15 {Der weiße Pd6 ist nur scheinbar stark - in der Folge
kann er durchaus schwach werden.}) 24... Rxe2 25. Qxe2 (25. Nxe2 Re8 $15) 25...
Re8 26. Qd2 Bc5 {[%csl Gc5][%cal Gc5g1][%mdl 2048] Der Bc5 steht ausgezeichnet
- die schwarzen Felder in der weißen Stellung sind schwach .} 27. Kh2 {Ein
prophylaktischer Zug - Weiß geht den Motiven auf der Diagonale a7-g1 aus dem
Wege.} Re5 {[%csl Ge5] Schwarz bereitet 27...Qe7 vor.} 28. Qf4 (28. Re1 $2 Rxe1
29. Qxe1 Nd3 $19) 28... Qe7 (28... Rf5 $2 29. Qxc7 Bxb5 30. Nxb5 Qxc7 31. Nxc7
Rxf2 32. d6 $18 {[%csl Gd6]}) 29. Rd2 (29. Nd4 g5 $36 (29... Nd3 30. Rxd3 Bxd3
31. Nc6 $18 {[%cal Rc6e7,Rc6e5]}) (29... Bxd4 30. Qxd4 $11)) 29... Bxb5 30.
Nxb5 (30. axb5 Bd6 $15 {[%cal Gd6h2]}) 30... Re2 (30... Bd6 $15) 31. Rxe2 Qxe2
32. Qxc7 Qxf2 $13 {[%csl Rh2]} 33. Nc3 $2 (33. d6 $1 Nd3 {Droht 34...Qg1+ 35.
Kh3 Nf2#.} 34. Kh3 Qf5+ 35. Kh2 Qf2 $11) 33... Nc2 $6 (33... Qg1+ $1 34. Kh3
Nd3 35. Qc8+ Bf8 $19 (35... Kh7 $4 36. Qf5+ {[%cal Rf5d3,Rf5h7]})) 34. Qb8+ Kh7
35. Qf4 Qg1+ (35... Qxf4 36. gxf4 $11) 36. Kh3 Ne3 {[%csl Gc5,Ge3,Gg1,Rh3]} 37.
Be4+ Kg8 38. d6 $4 {[%mdl 8192]} (38. Ne2 Qe1 $40) 38... Bxd6 $1 $17 39. Qxd6
$2 (39. Ne2 Bxf4 40. Nxg1 Be5 $17) 39... Qf1+ $19 (39... Qf1+ 40. Kh2 (40. Bg2
Qxg2#) 40... Ng4#) 0-1

[Event "EU-Cup 21st"]
[Site "Saint Vincent"]
[Date "2005.09.24"]
[Round "7.2"]
[White "Ftacnik, Lubomir"]
[Black "Borriss, Martin"]
[Result "1/2-1/2"]
[WhiteElo "2596"]
[BlackElo "2424"]
[Annotator "Ribli,Z"]
[PlyCount "105"]
[EventDate "2005.09.18"]
[EventType "team-swiss"]
[EventRounds "7"]
[EventCountry "ITA"]
[SourceTitle "CBM 110"]
[Source "ChessBase"]
[SourceDate "2006.01.31"]
[SourceVersion "1"]
[SourceVersionDate "2006.01.31"]
[SourceQuality "1"]
[WhiteTeam "Ansfelden"]
[BlackTeam "Berlin SF"]
[WhiteTeamCountry "AUT"]
[BlackTeamCountry "GER"]

1. d4 d5 2. Nf3 Nf6 3. c4 e6 4. g3 Be7 5. Bg2 O-O 6. O-O dxc4 7. Qc2 a6 8. Qxc4
{Der slowakische Großmeister wählt den klassischen Aufbau; die andere
Möglichkeit ist 8.a4.} b5 9. Qc2 Bb7 10. Bd2 Be4 11. Qc1 Qc8 {[%cal Gc7c5] Die
Idee des schwarzen Damenzuges ist den Zug 12...c5 zu unterstützen.} 12. Bg5 c5
13. Nbd2 Bb7 14. dxc5 Qxc5 15. Qxc5 Bxc5 16. Rac1 (16. Bxf6 gxf6 17. Rfc1 Bb6
18. Ne1 Bxg2 19. Kxg2 Nd7 20. Nd3 Rfc8 21. a4 (21. Ne4 Kf8 22. g4 Ke7 23. Kf3
Bd4 24. Rxc8 Rxc8 25. a4 Rc2 {1/2-1/2 Gelfand,B-Grischuk,A/Bastia 2003/(53)})
21... Rxc1 22. Rxc1 bxa4 23. Ra1 Nc5 24. Nxc5 Bxc5 25. Rxa4 a5 26. Nc4 Rb8 27.
e3 Bb4 {1/2-1/2 Beliavsky,A-Grischuk,A/Tripoli 2004/(67)}) 16... Nbd7 17. Bxf6
gxf6 {Weiß besitzt eine bessere Bauernstruktur wegen der Doppelbauern auf der
f-Linie und es gibt einige Schwächen am schwarzen Damenflügel, aber die
Stellung ist nahezu ausgeglichen; Schwarz kontrolliert die wichtigsten Punkten.
} 18. Rfd1 {[%cal Gd1d7]} Rfd8 (18... Bb6 19. Nc4 Rad8 20. Nxb6 Nxb6 21. Nd4 (
21. Ne1 Bxg2 22. Kxg2 $14) 21... Bxg2 22. Kxg2 $14) 19. Nb3 Bb6 20. Rd6 Kf8 (
20... Rac8 21. Rxc8 $14 (21. Rcd1 Nb8 $11) 21... Bxc8 22. Nfd4) 21. Nfd4 {
[%cal Gg2b7][%mdl 32] Der Tausch der weißfarbigen Läufer ist eine übliche
Strategie in dieser Variante.} Bxg2 22. Kxg2 Bxd4 23. Rxd4 (23. Nxd4 Ne5 24.
Rxd8+ Rxd8 25. e3) 23... Ne5 $11 {[%cal Ge5c4,Gc4b2,Gd8d4] Schwarz möchte die
Türme tauschen und sein Springer das c4-Feld okkupieren.} 24. Rc7 Nc4 25. Rh4
Rac8 26. Ra7 (26. Rxc8 Rxc8 27. Rxh7 Ke7 28. Rh5 f5 $11) 26... Ra8 27. Rb7 (27.
Rxa8 Rxa8 28. Rxh7 Ke7 $11) 27... Rab8 28. Rxb8 Rxb8 29. Nc5 $14 {[%csl Gc5,
Gh4][%cal Rc5d7,Rd7f8,Rd7b8,Rc5a6][%mdl 4096] Der Material ist reduziert, aber
die weißen Figuren stehen aktiver: der c5N steht stark und es "hängt" immer
noch der h7P.} Rc8 $1 (29... Ke7 30. b3 (30. Nxa6 Ra8 31. a4 Rxa6 (31... bxa4
32. Nc7 $18) 32. axb5 Ra2 33. Rxc4 Rxb2 34. Rh4 Rxb5 35. Rxh7 f5 $14) 30... Nd6
31. Nxa6 Ra8 32. Nb4 $16) 30. Nxa6 Ra8 (30... Nxb2 31. Rb4 Rc2 32. Rxb5 Rxe2
33. Kf1 Rd2 34. Nc5 $14) 31. Nc7 (31. a4 bxa4 32. Rxc4 (32. Nc7 Nxb2 $1 33.
Nxa8 a3 $19) 32... Rxa6 $11) 31... Rxa2 32. Nxb5 Rxb2 33. Nc3 Nd6 34. Rxh7 Rc2
$11 {Nach diesem Zug gewinnt Schwarz den Bauern zurück.} 35. Rh8+ Ke7 (35...
Kg7 36. Rd8 Nc4 $11) 36. Nd1 Rxe2 {Die Stellung ist materiell ausgeglichen.
Auch wenn Weiß einen mikroskopischen Vorteil besitzt aufgrund seines
potentiellen Freibauern auf der h-Linie, kann Schwarz das Remis einfach halten.
} 37. h4 {[%csl Gh4]} (37. Kf1 Rd2 38. Ke1 Rc2 39. h4 $11) 37... f5 (37... Rd2
38. Nc3 (38. Ne3 Ne4 39. Kf3 f5) 38... Rc2 39. Nd1 Rd2 $11) 38. h5 Rd2 39. Nc3
(39. h6 f6 (39... Rxd1 40. Ra8 $18) 40. Ra8 Nf7 $11) 39... f6 {[%cal Gd6f7]} (
39... Rc2 $2 40. h6 $18) 40. Ra8 Nf7 41. Nb5 (41. Ra7+ Kf8 $11) 41... Rd7 42.
Na7 Rc7 43. Nc8+ Kf8 44. Nd6+ Ke7 (44... Kg7 $4 45. Ne8+ $18) 45. Nb5 (45. Nxf7
Kxf7 $11) 45... Rd7 46. Ra6 Ng5 47. Rc6 Kf7 48. Rc7 Rxc7 49. Nxc7 e5 50. f3 Nh7
(50... Kg7 $11) 51. Nd5 Kg7 52. Ne3 Kh6 53. Nxf5+ 1/2-1/2

[Event "Dortmund SuperGM 33rd"]
[Site "Dortmund"]
[Date "2005.07.12"]
[Round "5"]
[White "Nielsen, Peter Heine"]
[Black "Leko, Peter"]
[Result "0-1"]
[WhiteElo "2668"]
[BlackElo "2763"]
[Annotator "Ribli,Z"]
[PlyCount "120"]
[EventDate "2005.07.07"]
[EventType "tourn"]
[EventRounds "9"]
[EventCountry "GER"]
[EventCategory "19"]
[SourceTitle "CBM 108"]
[Source "ChessBase"]
[SourceDate "2005.09.26"]
[SourceVersion "1"]
[SourceVersionDate "2005.09.26"]
[SourceQuality "1"]

1. d4 Nf6 2. c4 e6 3. g3 d5 4. Bg2 Be7 5. Nf3 O-O 6. O-O dxc4 7. Qc2 a6 8. Qxc4
b5 9. Qc2 Bb7 10. Bd2 {Heutzutage ist diese Fortsetzung wieder in der Mode -
die Alternativen sind 10.Bg5 und 10.Bf4.} Ra7 {Das ist die moderne Fortsetzung.
Die Alternativen sind 10...Nbd7 11.Ba5 Rc8 oder 10...Nc6.} 11. Rc1 (11. Rd1
Nbd7 12. Ba5 Qa8 13. Nbd2 c5 14. dxc5 Bxc5 15. Nb3 Bb6 16. Rac1 Bd5 {1/2-1/2
Nielsen,P-Anand,V/Bundesliga 2004/05 (24)}) 11... Be4 12. Qb3 (12. Qd1 Bxf3 $5
13. Bxf3 Qxd4 14. Be3 Qxd1+ 15. Rxd1 c5 16. a4 bxa4 17. Rxa4 Nbd7 18. Na3 Rb8
19. Nc4 h6 {1/2-1/2 Nielsen,P-Short,N /2nd Internet EUR-ch blitz 2004 (44)})
12... Nbd7 {Das ist ein guter Platz für den Springer - Schwarz möchte mit
c7-c5 die Partie ausgleichen.} (12... Bd5 13. Qe3 Nc6 $2 14. Rxc6 Bxc6 15. d5
$18) (12... Ba8 13. Bb4 $5 Nbd7 14. Nbd2 Bd5 15. Bxe7 Qxe7 16. Qc2 Rc8 17. a4
b4 18. e4 Ba8 19. e5 Nd5 20. Ne4 $14 {0-1 Beliavsky,A-Almasi,Z/HUN tt 2002/(39)
}) 13. Ba5 (13. Bb4 Bd5 14. Qa3 (14. Bxe7 $142 Qxe7 15. Qe3 Rc8 16. Nc3 c5 $11)
14... c5 $5 15. Bxc5 (15. dxc5 a5) 15... Nxc5 16. dxc5 Ne4 17. Ne1 Nxc5 18. Qe3
Bxg2 {1/2-1/2 Gelfand,B-Anand,V/Calvia (ol) 2004/(18)}) 13... Qa8 $1 $146 {
[%csl Ga8,Ge4][%cal Ga8g2][%mdl 4] Eine starke Neuerung von Leko, die die
Batterie Qa8-Be4 sehr angriffsstark werden lässt.} (13... Qb8 14. Qe3 $1 (14.
Nbd2 Ba8 15. Bb4 c5 $1 16. Bxc5 Nxc5 17. dxc5 Rc8 18. Qa3 (18. Qe3 Nd5) 18...
Rac7 19. b4 a5 $1 20. Qxa5 Ra7 21. Qb6 Rb7 22. Qa5 Ra7 $11) 14... b4 (14... Ba8
15. b4 $14 Bd6 16. Nbd2 Nb6 17. Rc2 Bd5 18. Rac1 Qb7 19. Ne1 Bxg2 20. Nxg2 Nfd5
21. Qb3 f5 {1-0 Johannessen,L-Vaganian,R/Germany 2005/CBM 106/(37)}) 15. Nbd2
Ba8 (15... Bd5 16. Nb3 $5 Rc8 17. Ne5 Bxg2 18. Nxd7 Nxd7 19. Kxg2 Qb5 20. Rc2
c5 21. dxc5 Rxc5 22. Nxc5 Bxc5 23. Rxc5 Nxc5 24. Rc1 Qxa5 25. Rxc5 Qd8 26. Qd4
Qb8 {1/2-1/2 Johannessen,L-Tallaksen,G/Sandnes 2005/(47)}) 16. Nb3 Rc8 $2 17.
Rc2 $1 Be4 18. Ne5 $1 Bxg2 19. Nxd7 Nxd7 20. Kxg2 Qb5 21. Rac1 c6 22. Qf3 Nb8
23. Rc4 Rd7 24. e3 h6 25. Qe2 Re8 26. Qe1 {1-0 Gelfand,B-Harikrishna,P/Bermuda
2005/CBM 106/[Gelfand] (38)}) 14. Nc3 (14. Rxc7 Rxc7 15. Bxc7 Rc8 16. Bf4 Nd5
$44) 14... Bc6 15. a3 {[%cal Ga5b4,Gb4e7]} (15. Bb4 $142 $5 Bd6 16. Qa3 Ne8 17.
Nb1 a5 18. Bxd6 cxd6 19. Nbd2) 15... Bd6 16. Bb4 Qb7 {[%cal Ga6a5] Mit diesem
prophylaktischen Zug verteidigt Schwarz den b5-Bauern, um anschließend 17...a5
zu ziehen.} 17. Rc2 {Auf den ersten Blick eine logische Fortsetzung: Weiß
möchte auf der c-Linie seine Türme verdoppeln. Aber der weitere Spielverlauf
zeigt, dass der Rc2 unglücklich steht.} (17. Nb1 a5 18. Bxd6 cxd6 19. Nbd2 $11)
17... a5 18. Bxd6 cxd6 $11 {Jetzt ist die Bauernstellung symmetrisch und
Schwarz hat eine bequeme Stellung.} 19. Ne1 Bxg2 20. Nxg2 b4 $1 21. Na4 $6 (21.
axb4 axb4 22. Rxa7 Qxa7 23. Qxb4 Qa1+ $19) (21. Nd1 $5) 21... Qe4 $15 {[%csl
Ge4] Die schwarze Dame steht ausgezeichnet auf e4.} 22. Rd1 Rb7 {[%csl Ra4,Rb3,
Rc2][%cal Gb7b2]} 23. Ne3 (23. f3 bxa3 24. Qc3 $1 {Diese Fortsetzung ist sehr
schwer auf dem Brett zu finden.} Qd5 (24... Qg6 25. Nf4) (24... Qf5 25. e4) 25.
Qxa3 Rb3 26. Nc3 $1 $11) 23... bxa3 (23... Rfb8 $5) 24. Qxa3 Ng4 $1 {[%csl Rc2,
Re3,Ge4,Gg4]} 25. Qd3 (25. Rdc1 Nxe3 26. Qxe3 Qxe3 27. fxe3 Nf6 $15) 25... Qxd3
26. Rxd3 Nxe3 27. Rxe3 $1 {Weiß opfert den d4-Bauern und strebt zu aktivem
Gegenspiel.} (27. fxe3) 27... Rb4 {[%cal Rb4a4,Rb4d4]} 28. Ra3 (28. Rc7 Nf6 $1
$17) 28... Rxd4 {Schwarz hat einen Bauern mehr, aber die technische Verwertung
des Materialsvorteil ist gar nicht leicht, da sowohl der Bauer auf a5 ist als
auch das Material reduziert ist.} 29. Nc3 Ra8 30. Nb5 {[%csl Gb5]} Rd5 (30...
Rd1+ 31. Kg2) 31. Nc7 $2 (31. Nc3 Rc8 (31... Rc5 32. b4) (31... Re5 32. f4) (
31... Rh5 32. b4 {[%cal Gc2a2,Ga2a8]} Nb6 33. Ne4 Rb5 (33... d5 $2 34. Rxa5 $16
) (33... a4 34. Nxd6 $132) 34. bxa5 Rbxa5 35. Rxa5 Rxa5 36. Nxd6 $11 (36. Rc6
$11)) 32. b4 Rd1+ (32... axb4 $2 33. Nxd5 $1 $18) 33. Nxd1 Rxc2 34. bxa5 Rc1 (
34... Rxe2 $1 35. a6) 35. a6 Rxd1+ 36. Kg2 Kf8 37. a7 Nb6 38. Rb3 Ra1 39. Rxb6
Rxa7 40. Rxd6 $11) 31... Rc8 $1 $17 {[%csl Rc2,Rc7][%cal Gc8c2] Das ist der
Schlüsselzug für Schwarz, wonach er gute Gewinnchancen hat.} 32. Nxd5 Rxc2 33.
Nc3 Rxb2 34. Rxa5 g6 {[%mdl 4096] Der schwarze Mehrbauern und eine gute
Spieltechnik sollten zur Verwertung des schwarzen Vorteils ausreichen.} 35.
Ra8+ Rb8 36. Ra7 (36. Rxb8+ Nxb8 $17) 36... Nf6 37. f3 d5 38. Kf2 g5 $1 39. Na4
(39. h3 $5 $17) 39... g4 $1 {Schwarz spielt das Endspiel (wie gewöhnlich) sehr
stark. Schwarz tauscht seinen g-Bauern und bekommt im Zentrum einen Freibauern
.} 40. Nc5 gxf3 41. Kxf3 {[%csl Gd5,Ge6]} (41. exf3 Rb2+ $17) 41... Rb1 42.
Ra8+ Kg7 43. Ra7 Rb6 (43... Kg6) 44. Nd3 Ne4 45. Ne5 Nd6 46. Kf2 Rb7 $1 47. Ra2
(47. Rxb7 Nxb7 $17) 47... Kf6 48. Nd3 Ne4+ 49. Kg2 Nc3 50. Rc2 d4 $1 51. Kf3 (
51. e3 Nd1 $19) 51... Rb3 $1 52. Nc5 Ra3 53. Kg2 Ke7 54. Rd2 Kd6 55. Nb7+ Kd5
$19 {[%csl Ga3,Rb7,Gc3,Gd4,Gd5] Die Zentrumsstellung des schwarzen König
entscheidet die Partie. Der Nb7 steht sehr weit entfernt vom Spielgeschehen.}
56. Nd8 f5 57. e3 e5 58. exd4 exd4 59. Rf2 d3 60. Rxf5+ Kc4 0-1